000
00328nam a2200145Ia 4500
100
_a
Deyhimi D.D./ Mosley/David
942
_c
BK
654
_a
Computer
245
_a
Advanced Power builder 5 Techniques
260
_b
John Wiley
_a
New york
_c
1997
082
_a
5.2
_b
DEV
300
_a
875
546
_a
ENGLISH
999
_c
28113
_d
28113